[Event "Biel ATO 57th"]
[Site "Biel"]
[Date "2024.07.25"]
[Round "9"]
[White "Bachmann, Daniel"]
[Black "Kuenzi, Anton"]
[Result "0-1"]
[WhiteElo "1713"]
[BlackElo "1862"]
[PlyCount "108"]
[EventDate "2024.07.16"]
[EventType "swiss"]
[EventRounds "9"]
[EventCountry "SUI"]
[SourceTitle "EXT 2025"]
[Source "ChessBase"]
[SourceDate "2024.10.14"]
[SourceVersion "1"]
[SourceVersionDate "2024.10.14"]
[SourceQuality "1"]

1. e4 c6 2. d4 d5 3. f3 dxe4 4. fxe4 e5 5. Nf3 Bg4 6. c3 Nd7 7. Bc4 Bh5 8. 0-0 Ngf6 9. Bg5 Bd6 10. Bxf6 Nxf6 11. dxe5 Bc5+ 12. Kh1 Qxd1 13. Rxd1 Nxe4 14. Rf1 Nf2+ 15. Kg1 Bxf3 16. b4 Bb6 17. gxf3 Ng4+ 18. Kh1 Ne3 19. Nd2 Nxf1 20. Rxf1 Bc7 21. f4 Bd8 22. Ne4 Be7 23. Nd6+ Bxd6 24. exd6 0-0-0 25. Rd1 Rd7 26. Bf1 g6 27. c4 Re8 28. f5 f6 29. c5 Re5 30. Bh3 g5 31. Bf1 Re4 32. a3 Rd8 33. Rc1 Rde8 34. Rc3 Re3 35. Rc2 R8e5 36. Bc4 Rxf5 37. Be2 Rfe5 38. Bg4+ f5 39. Bh5 g4 40. Kg1 Re2 41. Rc4 Ra2 42. Rc1 Kd7 43. h3 Ree2 44. hxg4 Rg2+ 45. Kf1 fxg4 46. Rc4 g3 47. Bg4+ Kd8 48. Rf4 Raf2+ 49. Rxf2 Rxf2+ 50. Kg1 Ra2 51. Kf1 Rxa3 52. Kg2 Rb3 53. Bf3 Rxb4 54. Kxg3 Rc4 0-1

[Event "Biel ATO 57th"]
[Site "Biel"]
[Date "2024.07.24"]
[Round "8"]
[White "Richard, Jean Paul"]
[Black "Bachmann, Daniel"]
[Result "0-1"]
[WhiteElo "1796"]
[BlackElo "1713"]
[PlyCount "104"]
[EventDate "2024.07.16"]
[EventType "swiss"]
[EventRounds "9"]
[EventCountry "SUI"]
[SourceTitle "EXT 2025"]
[Source "ChessBase"]
[SourceDate "2024.10.14"]
[SourceVersion "1"]
[SourceVersionDate "2024.10.14"]
[SourceQuality "1"]

1. e4 e6 2. Nf3 d5 3. e5 c5 4. b4 d4 5. bxc5 Bxc5 6. Bd3 Bd7 7. Be4 Bc6 8. Qe2 f5 9. exf6 Qxf6 10. d3 h6 11. 0-0 Kf7 12. Ba3 Bxa3 13. Nxa3 Ne7 14. Nc4 Rd8 15. Nfe5+ Kg8 16. Nxc6 Nbxc6 17. Rab1 Rab8 18. Bxc6 Nxc6 19. Rfe1 b5 20. Ne5 Rd6 21. Qe4 Nxe5 22. Qxe5 Qxe5 23. Rxe5 a6 24. Rc5 Rbb6 25. Re1 Rbc6 26. Ree5 Kf7 27. Kf1 Ke7 28. Ke2 Kd7 29. Kf3 Kc7 30. Ke4 Kb6 31. Rxc6+ Rxc6 32. Kxd4 Rxc2 33. Rxe6+ Ka5 34. Rg6 Rxa2 35. f4 b4 36. Kc4 Rc2+ 37. Kb3 Rc3+ 38. Kb2 Rc7 39. Rd6 Kb5 40. Kb3 a5 41. Rd5+ Rc5 42. Rd7 a4+ 43. Ka2 Rc2+ 44. Kb1 b3 45. Rxg7 Kb4 46. f5 Ka3 47. f6 Rf2 48. Kc1 b2+ 49. Kb1 Rf1+ 50. Kc2 b1Q+ 51. Kc3 Qb4+ 52. Kc2 Rf2+ 0-1

[Event "Biel ATO 57th"]
[Site "Biel"]
[Date "2024.07.18"]
[Round "3"]
[White "Bachmann, Daniel"]
[Black "Galopin, Clement"]
[Result "0-1"]
[WhiteElo "1713"]
[BlackElo "1816"]
[PlyCount "124"]
[EventDate "2024.07.16"]
[EventType "swiss"]
[EventRounds "9"]
[EventCountry "SUI"]
[SourceTitle "EXT 2025"]
[Source "ChessBase"]
[SourceDate "2024.10.14"]
[SourceVersion "1"]
[SourceVersionDate "2024.10.14"]
[SourceQuality "1"]

1. e4 e5 2. Nc3 Nc6 3. Bc4 Nf6 4. d3 Be7 5. f4 d6 6. Nf3 Bg4 7. h3 Bxf3 8. Qxf3 Nd4 9. Qd1 c6 10. a4 a5 11. Ne2 Nxe2 12. Qxe2 0-0 13. 0-0 Qc7 14. fxe5 dxe5 15. Bg5 b5 16. axb5 cxb5 17. Ba2 Rac8 18. Bxf6 Bxf6 19. Qg4 Qb6+ 20. Kh1 Rxc2 21. Rab1 Be7 22. Qd7 Qg6 23. Qg4 Qxg4 24. hxg4 Bg5 25. Rf5 Bf4 26. d4 g6 27. Rf6 Kg7 28. Rd6 Rfc8 29. dxe5 Rc1+ 30. Rd1 Rxd1+ 31. Rxd1 Bxe5 32. Rb1 Rc2 33. Bd5 Rxb2 34. Ra1 a4 35. Kg1 Rxg2+ 36. Kxg2 Bxa1 37. Bc6 a3 38. Bxb5 Kh6 39. Bc4 f6 40. Kf3 Kg5 41. Bg8 Be5 42. Be6 h5 43. gxh5 gxh5 44. Kg2 Kf4 45. Bd5 Bc3 46. Kh3 Be1 47. Kg2 Ke5 48. Kf1 Bc3 49. Ba2 Kxe4 50. Kg2 f5 51. Bb1+ Kf4 52. Kh3 Be1 53. Ba2 Ke3 54. Kg2 f4 55. Kf1 Bf2 56. Bf7 f3 57. Bd5 h4 58. Be6 h3 59. Bd5 h2 60. Bxf3 a2 61. Kg2 h1Q+ 62. Kxh1 a1Q+ 0-1

[Event "Biel ATO 57th"]
[Site "Biel"]
[Date "2024.07.17"]
[Round "2"]
[White "Gueldenapfel, Thomas"]
[Black "Bachmann, Daniel"]
[Result "0-1"]
[WhiteElo "1513"]
[BlackElo "1713"]
[PlyCount "64"]
[EventDate "2024.07.16"]
[EventType "swiss"]
[EventRounds "9"]
[EventCountry "SUI"]
[SourceTitle "EXT 2025"]
[Source "ChessBase"]
[SourceDate "2024.10.14"]
[SourceVersion "1"]
[SourceVersionDate "2024.10.14"]
[SourceQuality "1"]

1. d4 Nf6 2. c4 e6 3. Nc3 Bb4 4. Qc2 0-0 5. a3 Bxc3+ 6. Qxc3 d5 7. cxd5 exd5 8. Nf3 Ne4 9. Qc2 Bf5 10. Bf4 Ng3 11. Qd1 Nxh1 12. g3 Nd7 13. Bg2 Nxf2 14. Kxf2 Nf6 15. Ke1 Re8 16. Bf1 Ne4 17. Rc1 c6 18. b4 a5 19. bxa5 Qxa5+ 20. Nd2 g5 21. Be3 Nc3 22. Qb3 Rxe3 23. Qb2 Rae8 24. Nf3 Rxf3 25. Qd2 Rfe3 26. Kf2 Rxe2+ 27. Bxe2 Rxe2+ 28. Qxe2 Nxe2 29. Kxe2 Bg4+ 30. Kf1 Qd2 31. Re1 Bh3+ 32. Kg1 Qxe1# 0-1

[Event "Biel Rapid op 57th"]
[Site "Biel"]
[Date "2024.07.14"]
[Round "5"]
[White "Bachmann, Daniel"]
[Black "Stebahne, Olaf"]
[Result "1-0"]
[WhiteElo "1713"]
[BlackElo "1897"]
[PlyCount "31"]
[EventDate "2024.07.14"]
[EventType "swiss (rapid)"]
[EventRounds "9"]
[EventCountry "SUI"]
[SourceTitle "EXT 2025"]
[Source "ChessBase"]
[SourceDate "2024.10.14"]
[SourceVersion "1"]
[SourceVersionDate "2024.10.14"]
[SourceQuality "1"]

1. e4 c5 2. c3 Nc6 3. d4 cxd4 4. cxd4 d5 5. exd5 Qxd5 6. Nf3 Bg4 7. Nc3 Qd7 8. d5 Bxf3 9. gxf3 0-0-0 10. dxc6 Qxc6 11. Qe2 Kb8 12. Be3 Nf6 13. Nb5 e5 14. a3 a6 15. Nc3 Qc7 16. Bg2 1-0

[Event "Biel Rapid op 57th"]
[Site "Biel"]
[Date "2024.07.14"]
[Round "4"]
[White "Lee, Peter1"]
[Black "Bachmann, Daniel"]
[Result "0-1"]
[WhiteElo "1870"]
[BlackElo "1713"]
[PlyCount "36"]
[EventDate "2024.07.14"]
[EventType "swiss (rapid)"]
[EventRounds "9"]
[EventCountry "SUI"]
[SourceTitle "EXT 2025"]
[Source "ChessBase"]
[SourceDate "2024.10.14"]
[SourceVersion "1"]
[SourceVersionDate "2024.10.14"]
[SourceQuality "1"]

1. d4 Nf6 2. Nf3 d5 3. e3 c5 4. b3 Nc6 5. Bb2 g6 6. Bd3 cxd4 7. exd4 Bg7 8. 0-0 0-0 9. Nbd2 Nb4 10. Be2 Bf5 11. c3 Nd3 12. Ba3 Qa5 13. Bxe7 Rfe8 14. Nh4 Nf4 15. Nxf5 gxf5 16. Bb4 Nxe2+ 17. Kh1 Qc7 18. Qc2 a5 0-1

[Event "Biel Rapid op 57th"]
[Site "Biel"]
[Date "2024.07.14"]
[Round "7"]
[White "Tkhoruk, Roman"]
[Black "Bachmann, Daniel"]
[Result "1-0"]
[WhiteElo "1965"]
[BlackElo "1713"]
[PlyCount "45"]
[EventDate "2024.07.14"]
[EventType "swiss (rapid)"]
[EventRounds "9"]
[EventCountry "SUI"]
[SourceTitle "EXT 2025"]
[Source "ChessBase"]
[SourceDate "2024.10.14"]
[SourceVersion "1"]
[SourceVersionDate "2024.10.14"]
[SourceQuality "1"]

1. e4 e6 2. d4 d5 3. exd5 exd5 4. Bd3 Bd6 5. h3 Ne7 6. Nf3 Be6 7. c3 Qd7 8. 0-0 Nbc6 9. Be3 0-0-0 10. b4 h5 11. a4 f6 12. a5 g5 13. b5 Nb8 14. c4 Bxh3 15. b6 a6 16. Nh2 Bxh2+ 17. Kxh2 Be6 18. f4 gxf4 19. Bxf4 Rdg8 20. Qd2 Ng6 21. Bxg6 Rxg6 22. Rf2 Rhg8 23. Ra2 1-0

[Event "Prague Golden Blitz op 19th"]
[Site "Prague"]
[Date "2024.06.27"]
[Round "3"]
[White "Zvacek, Antonin"]
[Black "Bachmann, Daniel"]
[Result "0-1"]
[WhiteElo "1879"]
[BlackElo "1721"]
[PlyCount "44"]
[EventDate "2024.06.27"]
[EventType "swiss (blitz)"]
[EventRounds "11"]
[EventCountry "CZE"]
[SourceTitle "EXT 2025"]
[Source "ChessBase"]
[SourceDate "2024.10.14"]
[SourceVersion "1"]
[SourceVersionDate "2024.10.14"]
[SourceQuality "1"]

1. e4 e6 2. d4 d5 3. Nc3 Nf6 4. Bg5 Bb4 5. e5 h6 6. Bh4 g5 7. Bg3 Ne4 8. Qd3 c5 9. f3 c4 10. Qe3 Nxc3 11. bxc3 Be7 12. f4 Nc6 13. Qf2 Qa5 14. Ne2 Qa3 15. Kd2 b5 16. h4 b4 17. hxg5 bxc3+ 18. Nxc3 Bb4 19. Qe3 h5 20. Be2 Ne7 21. Be1 Nf5 22. Qf2 Qxc3+ 0-1

[Event "Prague Golden Rapid op 19th"]
[Site "Prague"]
[Date "2024.06.23"]
[Round "5"]
[White "Pochinkov, Andrey"]
[Black "Bachmann, Daniel"]
[Result "1-0"]
[WhiteElo "2044"]
[BlackElo "1728"]
[PlyCount "67"]
[EventDate "2024.06.23"]
[EventType "swiss (rapid)"]
[EventRounds "7"]
[EventCountry "CZE"]
[SourceTitle "EXT 2025"]
[Source "ChessBase"]
[SourceDate "2024.10.14"]
[SourceVersion "1"]
[SourceVersionDate "2024.10.14"]
[SourceQuality "1"]

1. Nf3 Nf6 2. d4 d5 3. e3 c5 4. c3 cxd4 5. exd4 Nc6 6. Bd3 Bg4 7. 0-0 e6 8. Nbd2 Bd6 9. h3 Bh5 10. Re1 Qc7 11. b4 h6 12. g4 Bg6 13. Bxg6 fxg6 14. Rxe6+ Kd7 15. Re1 h5 16. g5 Nh7 17. Qb3 Rae8 18. Bb2 Ne7 19. Ne5+ Kc8 20. c4 Nxg5 21. cxd5 Kb8 22. Rac1 Qd8 23. h4 Bxe5 24. dxe5 Nf7 25. d6 Nxd6 26. exd6 Nf5 27. Be5 Rhf8 28. d7+ Rxe5 29. Rxe5 Qxd7 30. Rd5 Qe7 31. Qc4 Nd6 32. Qc5 Qxh4 33. Qxd6+ Ka8 34. Qxf8+ 1-0

[Event "Prague Golden op 19th"]
[Site "Prague"]
[Date "2024.06.22"]
[Round "1"]
[White "Bachmann, Daniel"]
[Black "Svoboda, Daniel"]
[Result "1/2-1/2"]
[WhiteElo "1634"]
[BlackElo "1922"]
[PlyCount "70"]
[EventDate "2024.06.22"]
[EventType "swiss"]
[EventRounds "7"]
[EventCountry "CZE"]
[SourceTitle "EXT 2025"]
[Source "ChessBase"]
[SourceDate "2024.10.14"]
[SourceVersion "1"]
[SourceVersionDate "2024.10.14"]
[SourceQuality "1"]

1. e4 c5 2. c3 Nf6 3. e5 Nd5 4. Nf3 d6 5. Bb5+ Nc6 6. d4 cxd4 7. Nxd4 Bd7 8. Bc4 e6 9. Bxd5 exd5 10. exd6 Bxd6 11. Qe2+ Ne7 12. 0-0 0-0 13. Nd2 Ng6 14. N2f3 Re8 15. Qc2 Rc8 16. Bg5 Be7 17. Bxe7 Qxe7 18. Rfe1 Qf6 19. Rxe8+ Rxe8 20. Re1 Ne5 21. Nxe5 Rxe5 22. Rxe5 Qxe5 23. Qe2 Qg5 24. g3 h6 25. h4 Qf6 26. Qf3 Qe5 27. Qe2 Qd6 28. Kg2 Be6 29. Qb5 Qe7 30. a3 Kh7 31. b4 b6 32. Qd3+ Kg8 33. Qe3 Qd7 34. Qe5 Qc8 35. Qe3 Qd7 1/2-1/2